00367 2200145 4500245004700000020002200047250001100069100001900080005001900099260004200118041001400160084001100174300002700185336000900212 aBerani Tidak DisukaicIchiro KishimihText a978-602-06-3321-3 aCet.16 aIchiro Kishimi a20241014115222 aJakartabGramedia Pustaka Utamac2022 aIndonesia a155.25 a323 hlm :cillus 19 cm atext